Library of the University of Algiers 3
Ibrahim Sultan Cheibout
شعار جامعة الجزائر 3
مكتبة جامعة الجزائر 3
إبراهيم سلطان شيبوط

دراسات متقدمة في التسويق / (رقم التسجيلة. 44192)

تفاصيل مارك
000 -LEADER
fixed length control field 01865nam a2200217Ia 4500
003 - CONTROL NUMBER IDENTIFIER
control field Ost
005 - DATE AND TIME OF LATEST TRANSACTION
control field 20260507075354.0
008 - FIXED-LENGTH DATA ELEMENTS--GENERAL INFORMATION
fixed length control field 260507s9999||||xx |||||||||||||| ||und||
040 ## - CATALOGING SOURCE
Transcribing agency fsecg
041 ## - LANGUAGE CODE
Language code of text/sound track or separate title ara
082 ## - DEWEY DECIMAL CLASSIFICATION NUMBER
Classification number 330
100 ## - MAIN ENTRY--PERSONAL NAME
Personal name عمر، أيمن علي
Relator term مؤلف
245 #0 - TITLE STATEMENT
Title دراسات متقدمة في التسويق /
Statement of responsibility, etc. أيمن علي عمر
260 ## - PUBLICATION, DISTRIBUTION, ETC.
Place of publication, distribution, etc. الاسكندرية:
Name of publisher, distributor, etc. الدار الجامعية,
Date of publication, distribution, etc. 2007
300 ## - PHYSICAL DESCRIPTION
Extent 391 صفحة؛
Other physical details إيضاحات ؛
Dimensions 24 سم
504 ## - BIBLIOGRAPHY, ETC. NOTE
Bibliography, etc. note المراجع ص.380
520 ## - SUMMARY, ETC.
Summary, etc. التسويق من خلال العلاقات بالعملاء- التحديات التسويقية التي تواجه منظمات الأعمال- سياسة المنتج في المفهوم التسويقي- التكتلات الاقتصادية العالمية- السياسات الاقتصادية والقدرة التنافسية للمنتجات المصرية- التجارة الالكترونية- بعض الإتجاهات الحديثة في التسويق- إدارة الأزمات التسويقية ومواجهة المشكلات- منطقة التجارة الحرة العربية- منظمة التجارة العالمية- دور أدوات التسويق في تغيير سلوك المستهلك- إعادة هندسة العمليات التسويقية كمدخل لتطوير أداء المنظمات المصرية والإنطلاق لزيادة الصادرات- الاتصالات الفعالة في مجال التسويق- طرق التغليف الحديثة- نصائح مربحة للمصدرين- الحكومة الإلكترونية- كيف تؤثر في سلوك المستهلك بطريقة ايجابية- التسويق الشبكي- التسويق الالكتروني
653 ## - INDEX TERM--UNCONTROLLED
Uncontrolled term أدارة المبيعات
653 ## - INDEX TERM--UNCONTROLLED
Uncontrolled term التسويق
942 ## - ADDED ENTRY ELEMENTS (KOHA)
Koha item type كتب
المقتنيات
Withdrawn status Lost status Source of classification or shelving scheme Damaged status Not for loan Home library Current library Date acquired Serial enumeration / chronology Inventory number Total checkouts Full call number Barcode Date last seen Price effective from Koha item type
    Dewey Decimal Classification   NOT LOAN / إعارة داخلية مكتبة كلية العلوم الإقتصادية والعلوم التجارية وعلوم التسيير مكتبة كلية العلوم الإقتصادية والعلوم التجارية وعلوم التسيير 07/05/2026 الطابق الأرضي 25226   أ/4250ن1 25226 07/05/2026 07/05/2026 كتب
    Dewey Decimal Classification   Available مكتبة كلية العلوم الإقتصادية والعلوم التجارية وعلوم التسيير مكتبة كلية العلوم الإقتصادية والعلوم التجارية وعلوم التسيير 07/05/2026 الطابق الأرضي 25227   أ/4250ن2 25227 07/05/2026 07/05/2026 كتب
    Dewey Decimal Classification   Available مكتبة كلية العلوم الإقتصادية والعلوم التجارية وعلوم التسيير مكتبة كلية العلوم الإقتصادية والعلوم التجارية وعلوم التسيير 07/05/2026 الطابق الثاني 25228   أ/4250ن3 25228 07/05/2026 07/05/2026 كتب

موارد الويب المفتوحة


© University of Algiers 3 All Rights Reserved
|
Implemented by LECHELAH Riad